000 00606nam a2200217Ia 4500
008 131103s9999 xx 000 0 und d
020 _a033353364X paperback
040 _aLoreto College
041 _aEnglish
082 _a823.91/HAR
_b#NAME?
245 _aHardy
_b the tragic novels
_cedited by R.P.Draper
250 _arev. ed.
260 _aLondon
_bMacmillan
_c1991
300 _a259 p.
_c 22 cm.
440 _aA Casebook Series
504 _aIncludes bibliographical references and index
650 _aHardy,Thomas,1840 - 1928
700 _aDraper,R.P.ed.
850 _aLCLIB
942 _cBK
999 _c5882
_d56361